Nouveau précis de pathologie chirurgicale. (Record no. 197073)

MARC details
000 -LEADER
campo de control de longitud fija 01158nam a2200301 i 4500
001 - NÚMERO DE CONTROL
campo de control 197073
003 - IDENTIFICADOR DE NÚMERO DE CONTROL
campo de control ES-MaACL
005 - FECHA Y HORA DE LA ÚLTIMA TRANSACCIÓN
campo de control 20250331163245.0
007 - CAMPO FIJO DE DESCRIPCIÓN FÍSICA--INFORMACIÓN GENERAL
campo de control de longitud fija ta
008 - DATOS DE LONGITUD FIJA--INFORMACIÓN GENERAL
campo de control de longitud fija 250328s1949 fr ao|||| 000|0 fre|d
024 ## - IDENTIFICADOR DE OTROS ESTÁNDARES
Número estándar o código 0000465512
035 ## - NÚMERO DE CONTROL DEL SISTEMA
Número de control de sistema Rebiun11817860
040 ## - FUENTE DE CATALOGACIÓN
Lengua de catalogación spa
Centro/agencia transcriptor ES-MaACL
245 00 - MENCIÓN DEL TÍTULO
Título Nouveau précis de pathologie chirurgicale.
Número de parte o sección de la obra Tomo V,
Nombre de parte o sección de la obra Pathologie de L'Abdomen /
Mención de responsabilidad, etc. J. Patel, secrétaire de rédaction
246 ## - FORMA VARIANTE DEL TITULO
Título propio/Titulo breve Pathologie de L'Abdomen
260 ## - PUBLICACIÓN, DISTRIBUCIÓN, ETC.
Lugar de publicación, distribución, etc. Paris :
Nombre del editor, distribuidor, etc. Masson,
Fecha de publicación, distribución, etc. 1949.
300 ## - DESCRIPCIÓN FÍSICA
Extensión 955 p. :
Otras características físicas il. ;
Dimensiones 22 cm
336 ## - TIPO DE CONTENIDO
Fuente rdacontent
Término de tipo de contenido texto
337 ## - TIPO DE MEDIO
Fuente rdamedia
Nombre/término del tipo de medio sin mediación
338 ## - TIPO DE SOPORTE
Fuente rdacarrier
Nombre/término del tipo de soporte volumen
650 #7 - PUNTO DE ACCESO ADICIONAL DE MATERIA--TÉRMINO DE MATERIA
Término de materia o nombre geográfico como elemento de entrada Abdomen-
Subdivisión general Cirugía
9 (RLIN) 146902
700 ## - ENTRADA AGREGADA--NOMBRE PERSONAL
Nombre de persona Patel, Jean-Claude
9 (RLIN) 239916
852 ## - LOCALIZACIÓN
Ubicación ES-MaACL
Sublocalización o colección R.30159
-- R.M.5899
Ubicación en estantería Sala Valle Inclán
Signatura antigua E/M-151
Número de control de estantería D-6304
Marcas de propiedad Sello en tinta azul de la Biblioteca del Ateneo de Madrid
Encuadernación Encuadernación en tela verde.
itemnumber 204917
942 ## - ELEMENTOS DE ENTRADA SECUNDARIOS (KOHA)
Suprimir en OPAC No
Tipo de ítem Koha Libro impreso
Holdings
Estatus retirado Estado de pérdida Fuente del sistema de clasificación o colocación Estado de daño No para préstamo Biblioteca de origen Biblioteca actual Ubicación en estantería Fecha de adquisición Total de préstamos Signatura topográfica completa Código de barras Visto por última vez Precio de reemplazo Tipo de ítem Koha
    Clasificación decimal universal     Biblioteca del Ateneo de Madrid Biblioteca del Ateneo de Madrid Sala Valle Inclán 28/03/2025   D-6304 101229768 28/03/2025 28/03/2025 Libro impreso